000 00396nam a22001457a 4500
999 _c7726
_d7726
003 GBCCL
005 20241126110635.0
008 180913b ||||| |||| 00| 0 eng d
040 _cgbc
082 _aSOU HIL
_b2010
245 _aHill tribal council Moreh :
_bSilver jubilee celebration souvenir 1985-2010
260 _c2010
_aMoreh:
_bHill tribal council,
300 _a146p. ;
942 _2ddc
_cARCH